[Event "22nd Ruzomberok Open 2019"]
[Site "Ruzomberok"]
[Date "2019.07.05"]
[Round "7.1"]
[White "Jablonicky, Martin"]
[Black "Movsesian, Julia"]
[Result "0-1"]
[WhiteElo "2378"]
[BlackElo "2291"]
[Annotator "NA"]
[PlyCount "138"]
[EventDate "2019.06.29"]
[EventType "swiss"]
[EventCountry "SVK"]
[SourceTitle "playchess.com"]
[Source "ChessBase"]
[SourceQuality "1"]
[TimeControl "40/5400+30:1800+30"]

1. d4 {[%emt 0:00:00]} d5 {[%emt 0:00:00]} 2. Nf3 {[%emt 0:00:00]} Nf6 {[%emt 0:00:00]} 3. Bf4 {[%emt 0:00:32]} e6 {[%emt 0:00:25]} 4. e3 {[%emt 0:00:18]} c5 {[%emt 0:00:05]} 5. c3 {[%emt 0:00:50]} Bd6 {[%emt 0:00:07]} 6. Bg3 {[%emt 0:01:19]} O-O {[%emt 0:00:33]} 7. Nbd2 {[%emt 0:00:05]} Qc7 {[%emt 0:00:08]} 8. Ne5 {[%emt 0:10:24]} Nbd7 {[%emt 0:02:45]} 9. f4 {[%emt 0:01:22]} c4 {[%emt 0:03:51]} 10. a4 {[%emt 0:11:54]} Rb8 {[%emt 0:00:49]} 11. b3 {[%emt 0:01:03]} cxb3 {[%emt 0:01:35]} 12. Qxb3 {[%emt 0:00:09]} a6 {[%emt 0:10:57]} 13. Bd3 {[%emt 0:05:50]} b5 {[%emt 0:25:07]} 14. axb5 {[%emt 0:00:07]} axb5 {[%emt 0:00:01]} 15. O-O {[%emt 0:01:20]} b4 {[%emt 0:03:46]} 16. c4 {[%emt 0:01:08]} dxc4 {[%emt 0:01:17]} 17. Nexc4 {[%emt 0:03:39]} Bb7 {[%emt 0:01:20]} 18. Nxd6 {[%emt 0:11:36]} Qxd6 {[%emt 0:00:14]} 19. f5 {[%emt 0:00:21]} e5 {[%emt 0:01:47]} 20. Nc4 {[%emt 0:03:23]} Qd5 {[%emt 0:01:48]} 21. Qb2 {[%emt 0:01:21]} Ra8 {[%emt 0:11:12]} 22. Nxe5 {[%emt 0:04:01]} Nxe5 {[%emt 0:01:05]} 23. Bxe5 {[%emt 0:00:27]} Ra3 {[%emt 0:00:27]} 24. Bxf6 {[%emt 0:13:16]} Rxd3 {[%emt 0:00:44]} 25. Be5 {[%emt 0:01:09]} Rxe3 {[%emt 0:03:18]} 26. f6 {[%emt 0:01:00]} Rc8 {[%emt 0:05:08]} 27. fxg7 {[%emt 0:04:31]} Rec3 {[%emt 0:00:40]} 28. Rf2 {[%emt 0:01:59]} b3 {[%emt 0:01:29]} 29. Rb1 {[%emt 0:08:12]} Rc2 {[%emt 0:01:08]} 30. Qxb3 {[%emt 0:00:04]} Rc1+ {[%emt 0:00:07]} 31. Qd1 {[%emt 0:00:02]} Rxd1+ {[%emt 0:00:11]} 32. Rxd1 {[%emt 0:00:03]} Qe4 {[%emt 0:00:59]} 33. h3 {[%emt 0:05:32]} Rc2 {[%emt 0:02:26]} 34. Rdf1 {[%emt 0:02:33]} Qe3 {[%emt 0:00:49]} 35. Bf4 {[%emt 0:01:45]} Qxd4 {[%emt 0:00:49]} 36. Bg3 {[%emt 0:00:37]} Ba6 {[%emt 0:07:31]} 37. Kh2 {[%emt 0:01:08]} Rxf2 {[%emt 0:04:39]} 38. Rxf2 {[%emt 0:00:04]} Kxg7 {[%emt 0:00:26]} 39. Rf4 {[%emt 0:00:41]} Qd5 {[%emt 0:00:22]} 40. Rg4+ {[%emt 0:02:16]} Kf6 {[%emt 0:00:44]} 41. Rf4+ {[%emt 0:30:07]} Ke6 {[%emt 0:30:56]} 42. Rf2 {[%emt 0:01:46]} Bb7 {[%emt 0:00:37]} 43. Re2+ {[%emt 0:00:36]} Kf5 {[%emt 0:01:52]} 44. Rf2+ {[%emt 0:00:25]} Kg6 {[%emt 0:00:51]} 45. Bf4 {[%emt 0:01:16]} Qe4 {[%emt 0:00:50]} 46. Bg3 {[%emt 0:00:23]} h5 {[%emt 0:00:17]} 47. h4 {[%emt 0:00:19]} f5 {[%emt 0:03:02]} 48. Bf4 {[%emt 0:01:11]} Kf6 {[%emt 0:00:52]} 49. Bg3 {[%emt 0:00:22]} Ke6 {[%emt 0:01:11]} 50. Bf4 {[%emt 0:00:46]} Ba6 {[%emt 0:03:12]} 51. Bg3 {[%emt 0:00:00]} Be2 {[%emt 0:00:00]} 52. Rf4 {[%emt 0:00:00]} Qe3 {[%emt 0:00:00]} 53. Rf2 {[%emt 0:00:00]} Bg4 {[%emt 0:00:00]} 54. Rf4 {[%emt 0:00:00]} Kd5 {[%emt 0:00:00]} 55. Ra4 {[%emt 0:00:00]} Qc1 {[%emt 0:00:00]} 56. Rf4 {[%emt 0:00:00]} Kc5 {[%emt 0:00:00]} 57. Bf2+ {[%emt 0:00:00]} Kb5 {[%emt 0:00:00]} 58. Bg3 {[%emt 0:00:00]} Qe3 {[%emt 0:00:00]} 59. Rf2 {[%emt 0:00:00]} Kc4 {[%emt 0:00:00]} 60. Rf4+ {[%emt 0:00:00]} Kd3 {[%emt 0:00:00]} 61. Ra4 {[%emt 0:00:00]} Qc5 {[%emt 0:00:00]} 62. Rf4 {[%emt 0:00:00]} Qd5 {[%emt 0:00:00]} 63. Ra4 {[%emt 0:00:00]} Be2 {[%emt 0:00:00]} 64. Rf4 {[%emt 0:03:10]} Ke3 {[%emt 0:00:00]} 65. Kg1 {[%emt 0:00:29]} Qd1+ {[%emt 0:00:00]} 66. Kh2 {[%emt 0:00:04]} Qb1 {[%emt 0:00:00]} 67. Ra4 {[%emt 0:01:48]} Bd3 {[%emt 0:00:00]} 68. Rf4 {[%emt 0:02:10]} Be4 {[%emt 0:00:00]} 69. Rf2 {[%emt 0:00:16]} Qa1 {[%emt 0:00:00]} 0-1

[Event "22nd Ruzomberok Open 2019"]
[Site "Ruzomberok"]
[Date "2019.07.05"]
[Round "7.2"]
[White "Jakab, Bela"]
[Black "Borsos, Bogdan"]
[Result "1/2-1/2"]
[WhiteElo "2278"]
[BlackElo "2216"]
[Annotator "NA"]
[PlyCount "54"]
[EventDate "2019.06.29"]
[EventType "swiss"]
[EventCountry "SVK"]
[SourceTitle "playchess.com"]
[Source "ChessBase"]
[SourceQuality "1"]
[TimeControl "40/5400+30:1800+30"]

1. e4 {[%emt 0:00:00]} e5 {[%emt 0:00:00]} 2. Nf3 {[%emt 0:00:00]} Nc6 {[%emt 0:00:00]} 3. Bc4 {[%emt 0:00:00]} Nf6 {[%emt 0:00:05]} 4. d3 {[%emt 0:00:00]} Bc5 {[%emt 0:00:15]} 5. O-O {[%emt 0:00:00]} d6 {[%emt 0:02:42]} 6. c3 {[%emt 0:00:07]} Bb6 {[%emt 0:00:39]} 7. Bb3 {[%emt 0:01:03]} O-O {[%emt 0:02:38]} 8. Nbd2 {[%emt 0:00:31]} Ne7 {[%emt 0:00:19]} 9. Nc4 {[%emt 0:01:37]} Ng6 {[%emt 0:00:11]} 10. Re1 {[%emt 0:01:19]} c6 {[%emt 0:01:28]} 11. Nxb6 {[%emt 0:00:56]} axb6 {[%emt 0:00:13]} 12. d4 {[%emt 0:00:55]} b5 {[%emt 0:05:04]} 13. dxe5 {[%emt 0:17:25]} dxe5 {[%emt 0:00:38]} 14. Qxd8 {[%emt 0:01:26]} Rxd8 {[%emt 0:00:09]} 15. Be3 {[%emt 0:00:18]} h6 {[%emt 0:04:24]} 16. Bb6 {[%emt 0:06:41]} Re8 {[%emt 0:00:11]} 17. Rad1 {[%emt 0:02:26]} Be6 {[%emt 0:00:24]} 18. Bxe6 {[%emt 0:03:07]} Rxe6 {[%emt 0:00:23]} 19. a3 {[%emt 0:00:22]} Nf8 {[%emt 0:08:07]} 20. Rd8 {[%emt 0:05:58]} Rxd8 {[%emt 0:03:13]} 21. Bxd8 {[%emt 0:00:06]} N6d7 {[%emt 0:00:47]} 22. Bc7 {[%emt 0:04:49]} f6 {[%emt 0:03:37]} 23. Nd2 {[%emt 0:06:09]} c5 {[%emt 0:07:16]} 24. c4 {[%emt 0:05:09]} bxc4 25. Nxc4 Rc6 26. Ba5 b5 27. Ne3 Ne6 1/2-1/2

[Event "22nd Ruzomberok Open 2019"]
[Site "Ruzomberok"]
[Date "2019.07.05"]
[Round "7.3"]
[White "Hros, Roman"]
[Black "Vojtek, Vladimir"]
[Result "1/2-1/2"]
[WhiteElo "2195"]
[BlackElo "2313"]
[Annotator "NA"]
[PlyCount "117"]
[EventDate "2019.06.29"]
[EventType "swiss"]
[EventCountry "SVK"]
[SourceTitle "playchess.com"]
[Source "ChessBase"]
[SourceQuality "1"]
[TimeControl "40/5400+30:1800+30"]

1. e4 {[%emt 0:00:00]} c5 {[%emt 0:00:00]} 2. Be2 {[%emt 0:00:00]} Nc6 {[%emt 0:00:00]} 3. f4 {[%emt 0:00:00]} d5 {[%emt 0:03:09]} 4. d3 {[%emt 0:00:22]} dxe4 {[%emt 0:04:58]} 5. dxe4 {[%emt 0:00:02]} Qxd1+ {[%emt 0:00:11]} 6. Bxd1 {[%emt 0:00:01]} b6 {[%emt 0:00:48]} 7. c3 {[%emt 0:07:53]} Bb7 {[%emt 0:00:39]} 8. Bc2 {[%emt 0:00:26]} g6 {[%emt 0:02:12]} 9. Nf3 {[%emt 0:00:29]} Bg7 {[%emt 0:00:10]} 10. O-O {[%emt 0:10:38]} Nf6 {[%emt 0:03:02]} 11. Nbd2 {[%emt 0:04:20]} O-O {[%emt 0:10:21]} 12. Re1 {[%emt 0:03:05]} Rad8 {[%emt 0:01:51]} 13. e5 {[%emt 0:04:46]} Nd5 {[%emt 0:03:02]} 14. f5 {[%emt 0:16:33]} gxf5 {[%emt 0:16:46]} 15. Bxf5 {[%emt 0:02:16]} Nf4 {[%emt 0:00:49]} 16. Nc4 {[%emt 0:26:13]} Nd3 {[%emt 0:02:44]} 17. Bxd3 {[%emt 0:00:08]} Rxd3 {[%emt 0:00:07]} 18. Bf4 {[%emt 0:00:02]} Nd8 {[%emt 0:06:50]} 19. Rad1 {[%emt 0:02:16]} Rxd1 {[%emt 0:00:41]} 20. Rxd1 {[%emt 0:00:01]} Ne6 {[%emt 0:00:07]} 21. Bg3 {[%emt 0:01:37]} Rd8 {[%emt 0:10:20]} 22. Rxd8+ {[%emt 0:00:02]} Nxd8 {[%emt 0:00:01]} 23. Ne3 {[%emt 0:01:44]} Bh6 {[%emt 0:09:12]} 24. Kf2 {[%emt 0:04:34]} Kf8 {[%emt 0:02:01]} 25. a4 {[%emt 0:01:28]} Ke8 {[%emt 0:00:51]} 26. b4 {[%emt 0:03:18]} cxb4 {[%emt 0:02:54]} 27. cxb4 {[%emt 0:00:01]} Be4 {[%emt 0:00:21]} 28. Nc4 {[%emt 0:05:01]} Ne6 {[%emt 0:05:35]} 29. Ke2 {[%emt 0:01:12]} Kd7 {[%emt 0:00:29]} 30. Na3 {[%emt 0:01:14]} Nc7 {[%emt 0:04:10]} 31. e6+ {[%emt 0:01:18]} Nxe6 {[%emt 0:00:26]} 32. Ne5+ {[%emt 0:00:52]} Ke8 {[%emt 0:00:21]} 33. Nb5 {[%emt 0:00:24]} a6 {[%emt 0:01:08]} 34. Nc3 {[%emt 0:00:02]} Bxg2 {[%emt 0:01:49]} 35. Nc4 {[%emt 0:00:58]} Bg7 {[%emt 0:00:40]} 36. Be5 {[%emt 0:02:04]} Nd4+ {[%emt 0:01:26]} 37. Kd3 {[%emt 0:01:06]} Bxe5 {[%emt 0:00:29]} 38. Nxe5 {[%emt 0:00:01]} Nc6 {[%emt 0:00:13]} 39. Nxc6 {[%emt 0:00:32]} Bxc6 {[%emt 0:00:02]} 40. b5 {[%emt 0:00:50]} Bb7 {[%emt 0:00:55]} 41. Kd4 {[%emt 0:04:41]} a5 {[%emt 0:00:38]} 42. Nd1 {[%emt 0:00:51]} e6 {[%emt 0:01:25]} 43. Ne3 {[%emt 0:00:04]} Bd5 {[%emt 0:00:40]} 44. Nxd5 {[%emt 0:00:07]} exd5 {[%emt 0:00:08]} 45. Kxd5 {[%emt 0:00:01]} Kd7 {[%emt 0:00:06]} 46. Ke5 {[%emt 0:00:39]} Ke7 {[%emt 0:08:38]} 47. Kd5 {[%emt 0:06:27]} f6 {[%emt 0:09:15]} 48. Kc6 {[%emt 0:01:19]} f5 {[%emt 0:00:50]} 49. Kxb6 {[%emt 0:00:09]} f4 {[%emt 0:00:08]} 50. Ka7 {[%emt 0:00:17]} f3 {[%emt 0:00:28]} 51. b6 {[%emt 0:00:01]} f2 {[%emt 0:00:17]} 52. b7 {[%emt 0:00:02]} f1=Q {[%emt 0:00:12]} 53. b8=Q {[%emt 0:00:07]} Qc4 {[%emt 0:03:41]} 54. Qe5+ {[%emt 0:06:05]} Kd7 {[%emt 0:02:01]} 55. Qxa5 {[%emt 0:00:20]} Qd4+ {[%emt 0:00:33]} 56. Kb7 {[%emt 0:00:12]} Qe4+ {[%emt 0:01:22]} 57. Ka7 {[%emt 0:02:23]} Qd4+ {[%emt 0:00:33]} 58. Kb7 {[%emt 0:00:10]} Qe4+ {[%emt 0:00:11]} 59. Ka7 {[%emt 0:00:26]} 1/2-1/2

[Event "22nd Ruzomberok Open 2019"]
[Site "Ruzomberok"]
[Date "2019.07.05"]
[Round "7.4"]
[White "Zvarik, Martin"]
[Black "Zahradnik, Vladimir"]
[Result "1-0"]
[WhiteElo "2308"]
[BlackElo "1862"]
[Annotator "NA"]
[PlyCount "73"]
[EventDate "2019.06.29"]
[EventType "swiss"]
[EventCountry "SVK"]
[SourceTitle "playchess.com"]
[Source "ChessBase"]
[SourceQuality "1"]
[TimeControl "40/5400+30:1800+30"]

1. e4 {[%emt 0:00:00]} d6 {[%emt 0:00:12]} 2. d4 {[%emt 0:00:33]} Nf6 {[%emt 0:00:16]} 3. Nc3 {[%emt 0:00:14]} c6 {[%emt 0:00:16]} 4. f4 {[%emt 0:01:38]} g6 {[%emt 0:04:38]} 5. Nf3 {[%emt 0:01:38]} Bg7 {[%emt 0:00:30]} 6. Bd3 {[%emt 0:04:16]} O-O {[%emt 0:00:28]} 7. O-O {[%emt 0:04:00]} Bg4 {[%emt 0:05:59]} 8. Qe1 {[%emt 0:04:14]} Nfd7 {[%emt 0:02:17]} 9. e5 {[%emt 0:11:25]} d5 {[%emt 0:00:20]} 10. Nh4 {[%emt 0:18:33]} e6 {[%emt 0:16:36]} 11. h3 {[%emt 0:01:59]} Bf5 {[%emt 0:03:32]} 12. Nxf5 {[%emt 0:00:30]} exf5 {[%emt 0:00:19]} 13. Be3 {[%emt 0:03:45]} Re8 {[%emt 0:00:36]} 14. g4 {[%emt 0:02:30]} fxg4 {[%emt 0:01:06]} 15. hxg4 {[%emt 0:00:04]} Nf8 {[%emt 0:00:31]} 16. Rd1 {[%emt 0:02:10]} Nbd7 {[%emt 0:02:10]} 17. Rd2 {[%emt 0:05:39]} f6 {[%emt 0:00:29]} 18. Nd1 {[%emt 0:06:36]} c5 {[%emt 0:06:11]} 19. c3 {[%emt 0:00:58]} c4 {[%emt 0:08:00]} 20. Bc2 {[%emt 0:01:23]} b5 {[%emt 0:00:06]} 21. Rh2 {[%emt 0:02:47]} a5 {[%emt 0:00:49]} 22. Qf2 {[%emt 0:01:23]} Nb6 {[%emt 0:01:33]} 23. f5 {[%emt 0:00:21]} g5 {[%emt 0:03:22]} 24. Bxg5 {[%emt 0:00:33]} fxg5 {[%emt 0:14:51]} 25. f6 {[%emt 0:00:06]} Bxf6 {[%emt 0:00:09]} 26. exf6 {[%emt 0:00:05]} Kh8 {[%emt 0:03:26]} 27. Qf5 {[%emt 0:03:56]} Qd7 {[%emt 0:01:38]} 28. Qxg5 {[%emt 0:00:27]} Qf7 {[%emt 0:00:29]} 29. Ne3 {[%emt 0:01:34]} Re6 {[%emt 0:04:46]} 30. Rf3 {[%emt 0:03:27]} Ra7 {[%emt 0:02:50]} 31. Rhf2 {[%emt 0:04:57]} Rc6 {[%emt 0:04:05]} 32. Qg7+ {[%emt 0:01:03]} Qxg7 {[%emt 0:00:47]} 33. fxg7+ {[%emt 0:00:05]} Kxg7 {[%emt 0:00:08]} 34. Rxf8 {[%emt 0:00:05]} Re6 {[%emt 0:00:50]} 35. Ng2 {[%emt 0:00:17]} b4 {[%emt 0:02:10]} 36. R8f5 {[%emt 0:00:59]} Rg6 {[%emt 0:03:14]} 37. Rh5 {[%emt 0:00:04]} 1-0

[Event "22nd Ruzomberok Open 2019"]
[Site "Ruzomberok"]
[Date "2019.07.05"]
[Round "7.5"]
[White "Bombek, Peter"]
[Black "Bednar, Jan"]
[Result "1-0"]
[WhiteElo "2159"]
[BlackElo "2084"]
[Annotator "NA"]
[PlyCount "69"]
[EventDate "2019.06.29"]
[EventType "swiss"]
[EventCountry "SVK"]
[SourceTitle "playchess.com"]
[Source "ChessBase"]
[SourceQuality "1"]
[TimeControl "40/5400+30:1800+30"]

1. d4 {[%emt 0:00:00]} d5 {[%emt 0:00:00]} 2. Nf3 {[%emt 0:00:25]} Nf6 {[%emt 0:00:09]} 3. Bf4 {[%emt 0:00:55]} c5 {[%emt 0:01:39]} 4. e3 {[%emt 0:00:39]} Nc6 {[%emt 0:00:45]} 5. c3 {[%emt 0:01:06]} cxd4 {[%emt 0:03:24]} 6. exd4 {[%emt 0:01:00]} g6 {[%emt 0:00:47]} 7. Nbd2 {[%emt 0:00:41]} Bg7 {[%emt 0:00:06]} 8. Bd3 {[%emt 0:00:43]} O-O {[%emt 0:00:29]} 9. O-O {[%emt 0:00:07]} a6 {[%emt 0:02:28]} 10. a4 {[%emt 0:03:02]} Bd7 {[%emt 0:07:03]} 11. h3 {[%emt 0:01:35]} Rc8 {[%emt 0:02:57]} 12. Re1 {[%emt 0:01:28]} Re8 {[%emt 0:00:58]} 13. Ne5 {[%emt 0:02:11]} Qb6 {[%emt 0:04:44]} 14. Qb3 {[%emt 0:05:16]} Qxb3 {[%emt 0:06:26]} 15. Nxb3 {[%emt 0:00:32]} Nd8 {[%emt 0:07:24]} 16. Nc5 {[%emt 0:04:28]} Bf5 {[%emt 0:09:45]} 17. Ra3 {[%emt 0:06:17]} Bxd3 {[%emt 0:03:49]} 18. Nexd3 {[%emt 0:01:45]} Ra8 {[%emt 0:17:06]} 19. Rb3 {[%emt 0:03:18]} Ra7 {[%emt 0:06:00]} 20. Bb8 {[%emt 0:04:02]} Ra8 {[%emt 0:00:12]} 21. Bc7 {[%emt 0:00:38]} Ne4 {[%emt 0:11:49]} 22. Bxd8 {[%emt 0:03:21]} Raxd8 {[%emt 0:03:08]} 23. Rxb7 {[%emt 0:02:02]} e5 {[%emt 0:03:37]} 24. dxe5 {[%emt 0:07:50]} Bxe5 {[%emt 0:00:51]} 25. Nxa6 {[%emt 0:06:47]} Ra8 {[%emt 0:03:09]} 26. Nxe5 {[%emt 0:04:27]} Rxa6 {[%emt 0:00:25]} 27. Nxf7 {[%emt 0:01:30]} Rxa4 {[%emt 0:01:03]} 28. Nh6+ {[%emt 0:07:44]} Kh8 {[%emt 0:00:05]} 29. f3 {[%emt 0:09:51]} Nd6 {[%emt 0:00:48]} 30. Rxe8+ {[%emt 0:01:56]} Nxe8 {[%emt 0:00:05]} 31. g4 {[%emt 0:02:41]} d4 {[%emt 0:02:44]} 32. Re7 {[%emt 0:03:20]} Nd6 {[%emt 0:01:00]} 33. Rd7 {[%emt 0:01:32]} dxc3 {[%emt 0:00:10]} 34. Rd8+ {[%emt 0:00:44]} Kg7 {[%emt 0:00:08]} 35. g5 {[%emt 0:00:21]} 1-0

[Event "22nd Ruzomberok Open 2019"]
[Site "Ruzomberok"]
[Date "2019.07.05"]
[Round "7.6"]
[White "Motycakova, Monika"]
[Black "Mrvova, Alena"]
[Result "1/2-1/2"]
[WhiteElo "2150"]
[BlackElo "2153"]
[Annotator "NA"]
[PlyCount "92"]
[EventDate "2019.06.29"]
[EventType "swiss"]
[EventCountry "SVK"]
[SourceTitle "playchess.com"]
[Source "ChessBase"]
[SourceQuality "1"]
[TimeControl "40/5400+30:1800+30"]

1. e4 {[%emt 0:00:00]} c5 {[%emt 0:00:00]} 2. Nf3 {[%emt 0:00:00]} d6 {[%emt 0:00:23]} 3. d4 {[%emt 0:00:00]} cxd4 {[%emt 0:00:08]} 4. Nxd4 {[%emt 0:00:00]} Nf6 {[%emt 0:00:12]} 5. Nc3 {[%emt 0:00:08]} a6 {[%emt 0:00:17]} 6. Be2 {[%emt 0:00:49]} e6 {[%emt 0:00:46]} 7. O-O {[%emt 0:00:43]} Be7 {[%emt 0:01:06]} 8. f4 {[%emt 0:00:55]} Qc7 {[%emt 0:00:46]} 9. a4 {[%emt 0:00:09]} b6 {[%emt 0:00:20]} 10. Bf3 {[%emt 0:02:39]} Bb7 {[%emt 0:00:42]} 11. e5 {[%emt 0:14:47]} dxe5 {[%emt 0:15:14]} 12. Bxb7 {[%emt 0:04:17]} exd4 {[%emt 0:03:12]} 13. Bxa8 {[%emt 0:02:42]} dxc3 {[%emt 0:00:14]} 14. Qd3 {[%emt 0:16:34]} cxb2 {[%emt 0:05:07]} 15. Bxb2 {[%emt 0:00:19]} O-O {[%emt 0:00:16]} 16. Be5 {[%emt 0:06:55]} Qa7 {[%emt 0:01:10]} 17. Bf3 {[%emt 0:02:13]} Nbd7 {[%emt 0:01:32]} 18. Bb2 {[%emt 0:11:38]} Qc7 {[%emt 0:01:33]} 19. f5 {[%emt 0:08:13]} Nc5 {[%emt 0:07:27]} 20. Qe3 {[%emt 0:11:02]} exf5 {[%emt 0:10:49]} 21. Qg5 {[%emt 0:00:34]} Qc8 {[%emt 0:05:27]} 22. Rfe1 {[%emt 0:08:45]} h6 {[%emt 0:02:36]} 23. Qg3 {[%emt 0:00:24]} Ne6 {[%emt 0:00:46]} 24. Re2 {[%emt 0:06:09]} f4 {[%emt 0:01:11]} 25. Qe1 {[%emt 0:01:17]} Bc5+ {[%emt 0:00:42]} 26. Kh1 {[%emt 0:00:03]} Nh7 {[%emt 0:02:57]} 27. Bd5 {[%emt 0:00:29]} Nc7 {[%emt 0:03:47]} 28. Qc3 {[%emt 0:01:11]} Nf6 {[%emt 0:01:18]} 29. Bf3 {[%emt 0:00:06]} Ne6 {[%emt 0:00:10]} 30. Qc4 {[%emt 0:00:26]} Be3 {[%emt 0:06:57]} 31. Qxc8 {[%emt 0:01:10]} Rxc8 {[%emt 0:00:03]} 32. Bb7 {[%emt 0:00:13]} Rd8 {[%emt 0:01:12]} 33. Bxf6 {[%emt 0:00:47]} gxf6 {[%emt 0:00:04]} 34. Bxa6 {[%emt 0:00:10]} Nd4 {[%emt 0:00:21]} 35. Rd1 {[%emt 0:00:43]} Ra8 {[%emt 0:00:31]} 36. Rxd4 {[%emt 0:00:50]} Bxd4 {[%emt 0:01:20]} 37. Bb5 {[%emt 0:00:07]} Be3 {[%emt 0:00:23]} 38. g3 {[%emt 0:00:43]} Rd8 {[%emt 0:00:14]} 39. Bd3 {[%emt 0:00:17]} Rd4 {[%emt 0:04:09]} 40. gxf4 {[%emt 0:00:26]} Bxf4 {[%emt 0:00:07]} 41. Re4 {[%emt 0:07:13]} Rxe4 {[%emt 0:00:05]} 42. Bxe4 {[%emt 0:00:03]} Kf8 {[%emt 0:00:06]} 43. Kg2 {[%emt 0:00:49]} Ke7 {[%emt 0:00:05]} 44. h3 {[%emt 0:01:01]} Kd6 {[%emt 0:00:17]} 45. Kf3 {[%emt 0:00:58]} Bc1 {[%emt 0:00:09]} 46. Bd3 {[%emt 0:03:43]} Kc5 {[%emt 0:00:17]} 1/2-1/2

[Event "22nd Ruzomberok Open 2019"]
[Site "Ruzomberok"]
[Date "2019.07.05"]
[Round "7.7"]
[White "Farkas, Gabor"]
[Black "Hrnciar, Roman"]
[Result "1-0"]
[WhiteElo "2353"]
[BlackElo "2096"]
[Annotator "NA"]
[PlyCount "59"]
[EventDate "2019.06.29"]
[EventType "swiss"]
[EventCountry "SVK"]
[SourceTitle "playchess.com"]
[Source "ChessBase"]
[SourceQuality "1"]
[TimeControl "40/5400+30:1800+30"]

1. e4 {[%emt 0:00:00]} Nf6 {[%emt 0:00:00]} 2. e5 {[%emt 0:00:00]} Nd5 {[%emt 0:00:00]} 3. d4 {[%emt 0:00:01]} d6 {[%emt 0:00:46]} 4. c4 {[%emt 0:00:48]} Nb6 {[%emt 0:00:18]} 5. exd6 {[%emt 0:00:09]} exd6 {[%emt 0:02:00]} 6. Nc3 {[%emt 0:04:27]} Be7 {[%emt 0:01:03]} 7. Be3 {[%emt 0:13:32]} Nc6 {[%emt 0:03:17]} 8. h3 {[%emt 0:01:12]} O-O {[%emt 0:03:22]} 9. Nf3 {[%emt 0:02:44]} Re8 {[%emt 0:03:23]} 10. Be2 {[%emt 0:00:12]} Bf5 {[%emt 0:00:45]} 11. O-O {[%emt 0:01:36]} Bf6 {[%emt 0:04:26]} 12. Rc1 {[%emt 0:01:15]} d5 {[%emt 0:12:47]} 13. c5 {[%emt 0:03:25]} Nc8 {[%emt 0:05:30]} 14. Re1 {[%emt 0:01:39]} g6 {[%emt 0:01:36]} 15. Nh2 {[%emt 0:11:22]} N8e7 {[%emt 0:04:46]} 16. Ng4 {[%emt 0:01:59]} Bxg4 {[%emt 0:03:59]} 17. Bxg4 {[%emt 0:03:01]} Bg7 {[%emt 0:01:08]} 18. Qd3 {[%emt 0:03:45]} Nb4 {[%emt 0:06:27]} 19. Qb5 {[%emt 0:03:34]} a5 {[%emt 0:01:29]} 20. a3 {[%emt 0:02:36]} c6 {[%emt 0:01:25]} 21. Qe2 {[%emt 0:00:09]} Na6 {[%emt 0:03:05]} 22. Bg5 {[%emt 0:02:42]} Kf8 {[%emt 0:01:16]} 23. Na4 {[%emt 0:04:10]} Qc7 {[%emt 0:01:47]} 24. Nb6 {[%emt 0:01:29]} Rad8 {[%emt 0:00:17]} 25. Qd2 {[%emt 0:00:37]} Nf5 {[%emt 0:05:56]} 26. Bxd8 {[%emt 0:00:24]} Rxe1+ {[%emt 0:00:18]} 27. Rxe1 {[%emt 0:00:23]} Qxd8 {[%emt 0:00:08]} 28. Bxf5 {[%emt 0:00:19]} gxf5 {[%emt 0:00:14]} 29. Qf4 {[%emt 0:00:17]} Qf6 {[%emt 0:01:16]} 30. Nd7+ {[%emt 0:00:11]} 1-0

[Event "22nd Ruzomberok Open 2019"]
[Site "Ruzomberok"]
[Date "2019.07.05"]
[Round "7.8"]
[White "Karas, Marek"]
[Black "Cech, Dominik"]
[Result "1-0"]
[WhiteElo "2268"]
[BlackElo "2092"]
[Annotator "NA"]
[PlyCount "105"]
[EventDate "2019.06.29"]
[EventType "swiss"]
[EventCountry "SVK"]
[SourceTitle "playchess.com"]
[Source "ChessBase"]
[SourceQuality "1"]
[TimeControl "40/5400+30:1800+30"]

1. d4 {[%emt 0:00:00]} Nf6 {[%emt 0:00:00]} 2. Nf3 {[%emt 0:00:00]} g6 {[%emt 0:00:00]} 3. Nc3 {[%emt 0:00:00]} d5 {[%emt 0:01:16]} 4. Bf4 {[%emt 0:00:00]} Bg7 {[%emt 0:01:11]} 5. e3 {[%emt 0:00:00]} O-O {[%emt 0:00:44]} 6. Nb5 {[%emt 0:00:12]} Na6 {[%emt 0:04:37]} 7. h3 {[%emt 0:00:07]} c6 {[%emt 0:13:36]} 8. Nc3 {[%emt 0:00:06]} Qa5 {[%emt 0:07:13]} 9. Qd2 {[%emt 0:02:21]} c5 {[%emt 0:08:34]} 10. Be2 {[%emt 0:01:32]} cxd4 {[%emt 0:11:04]} 11. exd4 {[%emt 0:00:59]} Bd7 {[%emt 0:09:13]} 12. O-O {[%emt 0:04:03]} Rfc8 {[%emt 0:04:48]} 13. Ne5 {[%emt 0:02:09]} Be8 {[%emt 0:01:17]} 14. a3 Qd8 {[%emt 0:03:10]} 15. Bf3 {[%emt 0:08:12]} Nc7 {[%emt 0:02:23]} 16. Rfe1 {[%emt 0:08:44]} Ne6 {[%emt 0:10:33]} 17. Be3 {[%emt 0:01:27]} b5 {[%emt 0:01:25]} 18. g4 {[%emt 0:01:41]} a5 {[%emt 0:00:58]} 19. Qd3 {[%emt 0:09:06]} b4 {[%emt 0:02:15]} 20. axb4 {[%emt 0:01:50]} axb4 {[%emt 0:00:25]} 21. Ne2 {[%emt 0:00:39]} Rxa1 {[%emt 0:03:31]} 22. Rxa1 {[%emt 0:00:06]} Ra8 {[%emt 0:00:28]} 23. Rxa8 {[%emt 0:01:25]} Qxa8 {[%emt 0:00:06]} 24. Qb3 {[%emt 0:02:14]} Qa4 {[%emt 0:07:14]} 25. Nd3 {[%emt 0:03:25]} Qxb3 {[%emt 0:02:06]} 26. cxb3 {[%emt 0:00:02]} Nc7 {[%emt 0:02:33]} 27. Nxb4 {[%emt 0:01:03]} e6 {[%emt 0:00:07]} 28. Nc3 {[%emt 0:01:04]} Bd7 {[%emt 0:01:26]} 29. Be2 {[%emt 0:00:34]} Nfe8 {[%emt 0:00:31]} 30. Na6 {[%emt 0:04:55]} e5 {[%emt 0:01:09]} 31. dxe5 {[%emt 0:01:22]} Bxe5 {[%emt 0:00:10]} 32. f4 {[%emt 0:01:41]} Bg7 {[%emt 0:00:32]} 33. Nxc7 {[%emt 0:02:24]} Nxc7 {[%emt 0:00:11]} 34. Bb6 {[%emt 0:00:26]} Na8 {[%emt 0:01:26]} 35. Ba5 {[%emt 0:00:41]} Bd4+ {[%emt 0:00:28]} 36. Kg2 {[%emt 0:01:16]} Nb6 {[%emt 0:00:30]} 37. Bf3 {[%emt 0:00:21]} Be6 {[%emt 0:00:15]} 38. Bxb6 {[%emt 0:01:51]} Bxb6 {[%emt 0:00:09]} 39. Bxd5 {[%emt 0:00:09]} Bd7 {[%emt 0:00:57]} 40. b4 {[%emt 0:00:17]} Kf8 {[%emt 0:00:26]} 41. b5 {[%emt 0:30:34]} Ke7 {[%emt 0:11:17]} 42. Kf3 {[%emt 0:00:00]} h5 {[%emt 0:02:07]} 43. Bc4 {[%emt 0:00:00]} hxg4+ {[%emt 0:00:11]} 44. hxg4 {[%emt 0:00:00]} Bg1 {[%emt 0:06:54]} 45. Nd5+ {[%emt 0:00:00]} Kd8 {[%emt 0:00:34]} 46. Nf6 {[%emt 0:00:00]} Be8 {[%emt 0:00:49]} 47. Ke4 {[%emt 0:00:00]} Ke7 {[%emt 0:01:51]} 48. g5 {[%emt 0:00:00]} Bf2 {[%emt 0:00:26]} 49. b6 {[%emt 0:00:00]} Bc6+ {[%emt 0:00:38]} 50. Bd5 {[%emt 0:00:00]} Kd6 {[%emt 0:02:02]} 51. Bxc6 {[%emt 0:00:00]} Kxc6 {[%emt 0:00:10]} 52. Ng4 {[%emt 0:00:00]} Bh4 {[%emt 0:02:26]} 53. Ne5+ {[%emt 0:00:00] Kd5+} 1-0